Кн. 1: Программирование на языках высокого уровня; Техника разработки программ

Opis bibliograficzny
Parent link:Техника разработки программ: учебник для вузов/ Е. В. Крылов, В. А. Острейковский, Н. Г. Типикин. Кн. 1: Программирование на языках высокого уровня.— , 2007-2008.— 978-5-06-005523-8
Streszczenie:В книге приведены основные сведения по процедурно- и объектно-ориентированному программированию. Детально раскрыт мир алгоритмов. Отличительной особенностью книги является ориентация на базовые средства программирования, обобщение языков программирования и алгоритмы, широко используемые в информационных технологиях. Для студентов вузов, обучающихся по техническим и технологическим направлениям и специальностям.
Język:rosyjski
Wydane: 2007
Hasła przedmiotowe:
Format: MixedMaterials Książka
KOHA link:https://koha.lib.tpu.ru/cgi-bin/koha/opac-detail.pl?biblionumber=99815

MARC

LEADER 00000nam2a2200000 4500
001 99815
005 20231031111933.0
010 |a 9785060055245 
035 |a (RuTPU)RU\TPU\book\107215 
090 |a 99815 
100 |a 20060713d2007 m y0rusy50 ca 
101 0 |a rus 
102 |a RU 
105 |a a j 001zy 
200 0 |a Кн. 1: Программирование на языках высокого уровня 
210 |d 2007 
215 |a 375 с.  |c ил. 
320 |a Библиогр.: с. 333. 
320 |a Глоссарий: с. 334-348. 
330 |a В книге приведены основные сведения по процедурно- и объектно-ориентированному программированию. Детально раскрыт мир алгоритмов. Отличительной особенностью книги является ориентация на базовые средства программирования, обобщение языков программирования и алгоритмы, широко используемые в информационных технологиях. Для студентов вузов, обучающихся по техническим и технологическим направлениям и специальностям. 
461 1 |0 (RuTPU)RU\TPU\book\46523  |y 978-5-06-005523-8  |t Техника разработки программ  |o учебник для вузов  |o в 2 кн.  |f Е. В. Крылов, В. А. Острейковский, Н. Г. Типикин  |v Кн. 1: Программирование на языках высокого уровня  |d 2007-2008  |s Информатика и вычислительная техника 
610 1 |a программирование 
610 1 |a языки программирования 
610 1 |a объектно-ориентированное программирование 
610 1 |a инкапсуляция 
610 1 |a наследование 
610 1 |a полиморфизм 
610 1 |a Object Pascal 
610 1 |a алгоритмы 
610 1 |a учебники 
610 1 |a информатика 
610 1 |a вычислительная техника 
675 |a 681.3.06(075.8)  |v 3 
801 1 |a RU  |b 63413507  |c 20060713  |g PSBO 
801 2 |a RU  |b 63413507  |c 20160114  |g PSBO 
900 |a Программирование 
900 |a Алгоритмизация и микропрограммирование операций ЭВМ 
900 |a Программирование и основы алгоритмизации 
900 |a Программирование на языках высокого уровня 
900 |a Программирование на языке высокого уровня 
900 |a Алгоритмические языки и программирование 
942 |c BK 
951 |a 552800  |b 230100 
959 |a 68/20060712  |d 1  |e 0  |f ЧЗТЛ:1 
959 |a 45/20070521  |d 1  |e 0  |f ЧЗТЛ:1